• 首页
  • 本馆介绍
  • 公告通知
  • 最新文献
  • 馆藏检索
  • 电子资源
  • 读者导购
  • 参考咨询
  • 我的图书馆
  • 登录
  • 详细信息显示
  • 放入我的书架
  • 预约/预借图书
  • 作者相关作品
  • 分类相关作品
  • 丛书相关作品
  • 出版社相关作品

书目信息

  • 表格格式
  • 工作单格式
  • 卡片格式
题名:
老年医学
    
 
作者: 王晓明 主编
分册:  
出版信息: 西安   第四军医大学出版社  2011
页数: 507
开本: 26cm
丛书名:
单 册:
中图分类: R59
科图分类:
主题词: 全身性疾病
电子资源:
ISBN: 7-5662-0061-7
000 00535nam0 2200181 450
001 1735846483
005 20170410095726.48
010    @a7-5662-0061-7@d¥60.00
100    @a20170410d km y0chiy0120 ea
101 0  @achi
200 1  @a老年医学@Alao nian yi xue@f王晓明主编@Fwang xiao ming zhu bian
210    @a西安@c第四军医大学出版社@d2011
215    @a507@d26cm
606 0  @a全身性疾病
690    @aR59@v4
701  0 @a王晓明@Awang xiao ming@4主编
801  0 @aCN@b大连网信软件有限公司图书馆·11@c20170410
905    @b6603915@dR59@en1@f1
    
    老年医学/王晓明主编.-西安:第四军医大学出版社,2011
    507;26cm
    
    
    ISBN 7-5662-0061-7:¥60.00
    
●
相关链接 在E读中查询图书 在五车中查询图书 在当当中查询图书 在豆瓣中查询图书


正题名:老年医学     索取号:R59/n1         预约/预借

序号 登录号 条形码 馆藏地/架位号 状态 备注
1 6603915   266039155   密集书库-生命科学系/ [索取号:R59/n1] 在馆    
唐山师范学院图书馆 欢迎您!
大连网信软件有限公司© 版权所有